[Event "GBR-ch72"]
[Site "Edinburgh"]
[Date "1985.08.09"]
[Round "11.37"]
[White "Gregory, Stephen J"]
[Black "Lewis, David Rhys"]
[Result "0-1"]
[WhiteElo "2152"]
[BlackElo "1885"]
[PlyCount "42"]
[EventDate "1985.07.29"]
[EventType "swiss"]
[EventRounds "11"]
[EventCountry "GBR"]
[SourceTitle "BritBase"]
[Source "John Saunders"]
[SourceDate "2020.09.07"]
[SourceVersion "1"]
[SourceVersionDate "2020.09.07"]
[SourceQuality "2"]

1. e4 e6 2. d4 d5 3. e5 c5 4. c3 Nc6 5. Nf3 Qb6 6. a3 Bd7 7. b4 c4 8. g3 f6 9.
exf6 gxf6 10. Bf4 O-O-O 11. Nbd2 Nh6 12. Rb1 Nf7 13. Bxc4 dxc4 14. Nxc4 Qb5 15.
Qe2 Re8 16. O-O e5 17. a4 Qd5 18. Nfxe5 fxe5 19. b5 exf4 20. Qa2 Ne7 21. Rfe1
Kb8 0-1

[Event "GBR-ch72 Women's Open ch"]
[Site "Edinburgh"]
[Date "1985.07.30"]
[Round "2"]
[White "Morrison, Lynne GP"]
[Black "Vreeken, Corry"]
[Result "0-1"]
[WhiteElo "1905"]
[BlackElo "2040"]
[PlyCount "56"]
[EventDate "1985.07.29"]
[EventType "swiss"]
[EventRounds "11"]
[EventCountry "GBR"]

1. d4 Nf6 2. Nf3 g6 3. Bg5 Ne4 4. Bh4 Bg7 5. Nbd2 d5 6. c4 c6 7. e3 Qa5 8. Qb3
e6 9. Bd3 Nxd2 10. Nxd2 Nd7 11. f4 Nf6 12. Ke2 dxc4 13. Bxc4 Qh5+ 14. Nf3 O-O
15. h3 Qa5 16. Bxf6 Bxf6 17. Ne5 Qc7 18. h4 c5 19. h5 Bxe5 20. dxe5 b5 21. Qxb5
Rb8 22. Qa4 Rxb2+ 23. Kf3 Bb7+ 24. e4 Bxe4+ 25. Kxe4 Qb7+ 26. Ke3 Qxg2 27. Qd1
Qf2+ 28. Ke4 Rd2 {Source: bulletin} 0-1

[Event "GBR-ch72 Women's Open ch"]
[Site "Edinburgh"]
[Date "1985.07.30"]
[Round "2"]
[White "Thipsay, Bagyashree Sathe"]
[Black "Powell, C"]
[Result "1/2-1/2"]
[WhiteElo "2075"]
[BlackElo "1770"]
[PlyCount "85"]
[EventDate "1985.07.29"]
[EventType "swiss"]
[EventRounds "11"]
[EventCountry "GBR"]

1. e4 e6 2. d4 d5 3. Nd2 c5 4. exd5 exd5 5. Ngf3 Nc6 6. Bb5 Bd6 7. O-O cxd4 8.
Re1+ Nge7 9. Nb3 O-O 10. Nbxd4 Bg4 11. Be2 Re8 12. c3 Nxd4 13. Nxd4 Bxe2 14.
Rxe2 Qd7 15. Be3 a6 16. Rd2 Rad8 17. Qb3 Kf8 18. Rad1 b5 19. Qc2 Kg8 20. Qd3
Bc7 21. Bg5 Bb6 22. Bxe7 Rxe7 23. Nf3 f6 24. Qxd5+ Qxd5 25. Rxd5 Rxd5 26. Rxd5
Re2 27. Rd2 Bxf2+ 28. Kf1 Rxd2 29. Nxd2 Ba7 30. Ke2 Kf7 31. Kd3 Ke6 32. b3 f5
33. c4 g5 34. Nf3 bxc4+ 35. bxc4 Kf6 36. Nd4 h5 37. h3 g4 38. hxg4 fxg4 {
('hg' is given in the bulletin but then the moves at the end would not make
sense)} 39. g3 Bb8 40. Ne2 Kg5 41. Kd4 h4 42. gxh4+ Kxh4 43. c5 {Source:
bulletin} 1/2-1/2

[Event "GBR-ch72 Women's Open ch"]
[Site "Edinburgh"]
[Date "1985.07.31"]
[Round "3"]
[White "Hamid, Rani"]
[Black "Markovic, Gordana"]
[Result "1/2-1/2"]
[WhiteElo "2120"]
[BlackElo "2210"]
[PlyCount "113"]
[EventDate "1985.07.29"]
[EventType "swiss"]
[EventRounds "11"]
[EventCountry "GBR"]

1. e4 c5 2. Nf3 e6 3. d4 cxd4 4. Nxd4 Nc6 5. Nxc6 bxc6 6. Bd3 e5 7. O-O Nf6 8.
Nd2 Be7 9. Nc4 d6 10. Qe2 O-O 11. Bd2 Be6 12. Na5 Qc7 13. c4 Nd7 14. Nb3 c5 15.
Ba5 Qc8 16. Nd2 Nb8 17. Bc3 Nc6 18. Rfe1 Bg4 19. f3 Be6 20. Nf1 Nd4 21. Bxd4
cxd4 22. Rec1 g6 23. Rc2 f5 24. exf5 gxf5 25. c5 Qe8 26. c6 Bf6 27. Ba6 d5 28.
Bb7 e4 29. Qa6 d3 30. Rcc1 Bd4+ 31. Kh1 Rc8 32. Bxc8 Bxc8 33. Qb5 Qe5 34. f4
Qd6 35. Rab1 a6 36. Qb3 Be6 37. c7 Rc8 38. Qa4 Qb6 39. Rc6 Bd7 40. Rxb6 Bxa4
41. Rb4 Bc5 42. Rxa4 e3 43. Nxe3 Bxe3 44. Ra3 Rxc7 45. Rxd3 d4 46. Rbd1 Kf7 47.
g3 Rc2 48. Rb3 Ke6 49. a3 a5 50. h4 Re2 51. Rb8 Kd5 52. Re8 Kc4 53. Rc8+ Kd5
54. Re8 Kc4 55. Re5 d3 56. a4 Bd4 57. Rxf5 {... 64 moves. Source: bulletin}
1/2-1/2

[Event "GBR-ch72 Women's Open ch"]
[Site "Edinburgh"]
[Date "1985.08.01"]
[Round "4"]
[White "Markovic, Gordana"]
[Black "Vreeken, Corry"]
[Result "1/2-1/2"]
[WhiteElo "2210"]
[BlackElo "2040"]
[PlyCount "88"]
[EventDate "1985.07.29"]
[EventType "swiss"]
[EventRounds "11"]
[EventCountry "GBR"]

1. e4 Nf6 2. e5 Nd5 3. d4 d6 4. Nf3 Bg4 5. Be2 c6 6. Ng5 Bf5 7. Bd3 Qd7 8. O-O
Bxd3 9. Qxd3 dxe5 10. dxe5 e6 11. a3 Qc7 12. Qe2 h6 13. Nf3 Nd7 14. c4 Ne7 15.
b3 g5 16. Bb2 Ng6 17. h3 Bg7 18. Re1 O-O-O 19. Nbd2 Ndxe5 20. Nxe5 Bxe5 21.
Bxe5 Qxe5 22. Ne4 f5 23. Ng3 Qxe2 24. Rxe2 Nf4 25. Re5 Rhe8 26. b4 Rd4 27. Nxf5
Rd7 28. Nxh6 Rh8 29. Ng4 {('Nf4')} Rd4 30. Rxg5 Rxc4 31. Ne3 Rc3 32. Rg4 Rf8
33. Rg7 Ne2+ 34. Kh2 Nd4 35. Ng4 {('g4')} Rd3 36. a4 Rb3 37. b5 c5 38. Rc1 Rf5
39. h4 Rb4 40. Rg5 Nb3 41. Rg8+ Kc7 42. Re1 Nd4 43. Rg7+ Kb6 44. Rg5 Rxa4 {
... 47 moves. Source: bulletin} 1/2-1/2

[Event "GBR-ch72 Women's Open ch"]
[Site "Edinburgh"]
[Date "1985.08.01"]
[Round "4"]
[White "Rogers, Catherine"]
[Black "Cohen, Laura Jane Rachel"]
[Result "1-0"]
[WhiteElo "1810"]
[BlackElo "1496"]
[Annotator "Rogers,I"]
[PlyCount "35"]
[EventDate "1985.07.29"]
[EventType "swiss"]
[EventRounds "11"]
[EventCountry "GBR"]
[SourceTitle "BritBase"]
[Source "John Saunders"]
[SourceDate "2023.02.20"]
[SourceVersion "1"]
[SourceVersionDate "2023.02.20"]
[SourceQuality "1"]

1. e4 e5 2. Nf3 Nc6 3. Bc4 Bc5 4. O-O Nf6 5. d4 Bxd4 6. Nxd4 Nxd4 7. f4 Qe7 8.
fxe5 Qxe5 9. Bf4 $1 Qc5 10. Bxf7+ Kxf7 11. Be3 Qe5 12. Bxd4 Qxe4 13. Nc3 Qc6
14. Qh5+ Ke7 (14... Kg8 15. Rae1 $1 d5 16. Nxd5 $1 $18) 15. Rae1+ Kd8 16. Rxf6
$1 d6 17. Rf8+ Rxf8 18. Qg5+ {Source: Ian Rogers; Chess in Australia,
October-November 1985} 1-0

[Event "GBR-ch72 Women's Open ch"]
[Site "Edinburgh"]
[Date "1985.08.02"]
[Round "5"]
[White "Jackson, Rani"]
[Black "Morrison, Lynne"]
[Result "1-0"]
[WhiteElo "1392"]
[BlackElo "1905"]
[PlyCount "47"]
[EventDate "1985.07.29"]
[EventType "swiss"]
[EventRounds "11"]
[EventCountry "GBR"]

1. e4 c5 2. Nc3 d6 3. f4 Nc6 4. Nf3 Nf6 5. Bc4 e6 6. d3 Na5 7. Bb3 Nxb3 8. axb3
d5 9. O-O Be7 10. Qe1 O-O 11. Qg3 Qb6 12. Kh1 Kh8 13. Qh3 Qd8 14. f5 dxe4 15.
dxe4 Qc7 16. g4 g6 17. Ng5 h5 18. gxh5 Nxh5 19. Qh4 Qc6 20. Nd5 Bxg5 21. Qxg5
Re8 22. Qh6+ Kg8 23. fxg6 fxg6 24. Ne7+ {Source: bulletin} 1-0

[Event "GBR-ch72 Women's Open ch"]
[Site "Edinburgh"]
[Date "1985.08.02"]
[Round "5"]
[White "McDonald, Louise"]
[Black "Leroy, Christine"]
[Result "1/2-1/2"]
[WhiteElo "1528"]
[BlackElo "1960"]
[PlyCount "71"]
[EventDate "1985.07.29"]
[EventType "swiss"]
[EventRounds "11"]
[EventCountry "GBR"]

1. e4 e5 2. Nf3 Nc6 3. Bb5 a6 4. Ba4 Nf6 5. O-O b5 6. Bb3 Bb7 7. Re1 Bc5 8. c3
d6 9. d4 Bb6 10. Bc2 h6 11. h3 O-O 12. Be3 Re8 13. Nbd2 Na5 14. dxe5 dxe5 15.
Bxb6 cxb6 16. Nf1 Qe7 17. N3d2 Red8 18. Qf3 Rac8 19. Rad1 b4 20. cxb4 Qxb4 21.
Bb3 Nxb3 22. Qxb3 Qxb3 23. axb3 Rc2 24. Nc4 Rxd1 25. Rxd1 Nxe4 26. f3 Nc5 27.
Nfe3 Re2 28. Kf1 Bxf3 29. gxf3 Rh2 30. Nxb6 Nxb3 31. Nbc4 f6 32. Rd3 Nd4 33.
Nd5 Rxh3 34. Kg2 Rh4 35. Nd6 Ne6 36. Ne8 {Source: bulletin} 1/2-1/2

[Event "GBR-ch72 Women's Open ch"]
[Site "Edinburgh"]
[Date "1985.08.05"]
[Round "7"]
[White "Wright, Josie H"]
[Black "Rogers, Catherine"]
[Result "1-0"]
[WhiteElo "2060"]
[BlackElo "1810"]
[PlyCount "41"]
[EventDate "1985.07.29"]
[EventType "swiss"]
[EventRounds "11"]
[EventCountry "GBR"]

1. e4 d5 2. exd5 Qxd5 3. Nc3 Qa5 4. Bc4 Nf6 5. d3 Bg4 6. f3 Bf5 7. Bd2 Nbd7 8.
Qe2 c6 9. Nb5 Qa4 10. Nd6+ Kd8 11. Nxf7+ Kc8 12. Nxh8 e5 13. g4 Bg6 14. Nxg6
hxg6 15. O-O-O b5 16. Bb3 Qa6 17. Bc3 Bd6 18. Nh3 Qb6 19. Be6 Kc7 20. Bxd7 Nxd7
21. d4 {Source: bulletin} 1-0

[Event "GBR-ch72 One-Day QP"]
[Site "Edinburgh"]
[Date "1985.??.??"]
[Round "?"]
[White "Tebb, David"]
[Black "Bramson"]
[Result "0-1"]
[WhiteElo "2120"]
[BlackElo "1640"]
[PlyCount "73"]
[EventDate "1985.07.29"]
[EventType "tourn (rapid)"]
[EventRounds "7"]
[EventCountry "GBR"]

1. e4 e5 2. Nf3 Nc6 3. Bb5 a6 4. Ba4 Nf6 5. O-O Nxe4 6. d4 b5 7. Bb3 d5 8. dxe5
Be6 9. Be3 Be7 10. Nbd2 f5 11. exf6 Nxf6 12. c3 O-O 13. h3 Kh8 14. Qe2 Qc8 15.
Bc2 Bd6 16. Ng5 Bg8 17. f4 h6 18. Rae1 Re8 19. Bg6 Re7 20. Qf2 Bh7 21. Nxh7
Nxh7 22. Qh4 Rxe3 23. Rxe3 Bc5 24. Rfe1 Bxe3+ 25. Rxe3 Qd7 26. Nf3 Qd6 27. Bxh7
Kxh7 28. Re6 Qc5+ 29. Kh2 d4 30. Ng5+ Kg8 31. Ne4 Qd5 32. Qg4 Kh8 33. Qg6 Rf8
34. Rxc6 Rxf4 35. Rxc7 Qe5 36. Rc8+ Rf8+ 37. Qg3 {Source: bulletin} 0-1